00358nam a2200157Ia 4500008004100000041000800041082001300049100001700062245003600079260002100115300000800136500001400144500001100158650001400169700001700183230125s9999 xx 000 0 und d aeng a376bUNE aUnesco, Pub. aThe darkar framework for action c1990bUnesco Pub a78p aEducation aUnesco aEducation aUnesco, Pub.